00973nam a2200241 a 450000100100000000500170001000800410002702000180006804000250008608200210011110000320013224500560016426000380022030000200025850000700027859000260034865000280037465000310040291000370043395201190047095201250058999900170071400004636320240412074305.0090706s2008 dr r 000 p spa d a9789945161793 aDO-SdBNPbspacBNPHU aRD861.44bC965po1 aCuevas, Julio,c1955-9945910aPoemas de tierra adentro :bpoemas /cJulio Cuevas. aSanto Domingo :bDragón,c2008. a82 p. ;c20 cm. aIncluye datos biográficos del autor en la solapa de la cubierta aInventariado, 2018/YL 0aPoesía dominicana966 0aLiteratura dominicana.967 aValidado. Control de calidad MFF 0010718PDaPDbPDcHDd2015-08-04iLF1l0oRD861.44 C965pop46363-10r2020-06-25w2020-06-25yLFPDZNo se presta 0010718PDaPDbPDcHDd2018-08-28iLF1l0oRD861.44 C965pop46363-20r2020-06-25te. 2w2020-06-25yLFPDZNo se presta c45852d45852